01019nam a2200241 i 4500003000900000005001700009007000300026008004100029040003000070082001300100100004000113245009300153264008900246300004300335336002700378337003400405338002800439590002700467910001400494942001400508952023800522999001700760DO-SdBNP20250128134301.0ta240913s1987 dr a 000 0 spa d aDO-SdBNPbspacBNPHUerda bC9572221 aCruz Mendoza, Roberto911765eautor10aTécnicas de elaboración e interpretación de mapas :bCurso /cRoberto Cruz Mendoza 1aHigüey, República Dominicana :bMuseo Nacional de Historia y Geografía,c1987. a52 páginas, bilustracionesc28 cm. 2rdacontentatextobtxt 2rdamediaasin mediación bn 2rdacarrieravolumenbnc aInventariado, 2024/ YL aYLockward 2ddccLBS1 00102ddc51708PDaBNPHUbBNPHUcCTd2023-12-01eDonado por la Presidencia de la República Dominicana 2023l0oBNPHU PD C957p2024-5344r2024-09-13w2024-09-13yLBS1zPerteneció a la biblioteca personal de Emilio Cordero Michel c57680d57680